000 00342nam a2200133Ia 4500
008 240624s9999 xx 000 0 und d
041 _aeng
082 _a302.35 ROB
100 _aROBERTS LAURA MORGAN
245 _aEXPLORING POSITIVE IDENTITIES AND ORGANI
260 _c2009
_aNew York
_bRoutledge
300 _a549 p.; 28 cm.
365 _cRS
999 _c31647
_d31647